México and the United States (Record no. 2599)

MARC details
000 -CABECERA
campo de control de longitud fija 00726nam a2200217 a 4500
001 - NÚMERO DE CONTROL
campo de control BRCA_2860
005 - FECHA Y HORA DE LA ÚLTIMA TRANSACCIÓN
campo de control 20190320204014.0
008 - DATOS DE LONGITUD FIJA--INFORMACIÓN GENERAL
campo de control de longitud fija 101208s1869----nyu#---###---#000-0#eng-u
050 #4 - SIGNATURA TOPOGRÁFICA DE LA BIBLIOTECA DEL CONGRESO
Número de clasificación F1226
Número de documento/Ítem .A22 1869
100 1# - ENTRADA PRINCIPAL--NOMBRE DE PERSONA
Nombre de persona Abbot, Gorham Dummer
Fechas asociadas al nombre 1807-1874
9 (RLIN) 7992
245 10 - MENCIÓN DE TÍTULO
Título México and the United States
Resto del título their mutual relations and common interests
Mención de responsabilidad, etc. by Gorham D. Abbot.
260 ## - PUBLICACIÓN, DISTRIBUCIÓN, ETC.
Lugar de publicación, distribución, etc. New York
Nombre del editor, distribuidor, etc. Putnam
Fecha de publicación, distribución, etc. 1869
300 ## - DESCRIPCIÓN FÍSICA
Extensión 391 p.
Dimensiones 24 cm.
500 ## - NOTA GENERAL
Nota general B13
651 #4 - PUNTO DE ACCESO ADICIONAL DE MATERIA--NOMBRE GEOGRÁFICO
Nombre geográfico México
Subdivisión general Historia
9 (RLIN) 614
651 #4 - PUNTO DE ACCESO ADICIONAL DE MATERIA--NOMBRE GEOGRÁFICO
Nombre geográfico México
Subdivisión general Historia eclesiastica
9 (RLIN) 824
651 #4 - PUNTO DE ACCESO ADICIONAL DE MATERIA--NOMBRE GEOGRÁFICO
Nombre geográfico México
Subdivisión general Relaciones (generales) con Estados Unidos
9 (RLIN) 7993
651 #4 - PUNTO DE ACCESO ADICIONAL DE MATERIA--NOMBRE GEOGRÁFICO
Nombre geográfico Estados Unidos
Subdivisión general Relaciones (generales) con México
9 (RLIN) 7994
902 ## - CATALOGADOR
Iniciales GFM
942 ## - ELEMENTOS DE PUNTO DE ACCESO ADICIONAL (KOHA)
Fuente del sistema de clasificación o colocación Library of Congress Classification
Tipo de ítem Koha Libros
Holdings
Estado de retiro Estado de pérdida Estado dañado No para préstamo Localización permanente Ubicación/localización actual Fecha de adquisición Número de inventario Total de préstamos Signatura topográfica completa Código de barras Fecha visto por última vez Precio válido a partir de Tipo de ítem Koha
El ejemplar forma parte de la colección y puede ser consultado según las políticas vigentes.       Biblioteca del Museo Franz Mayer (Rogerio Casas-Alatriste) Biblioteca del Museo Franz Mayer (Rogerio Casas-Alatriste) 10/12/2008 B13   F1226 .A22 1869 (B13) 2857 22/03/2019 22/03/2019 Libros